GSD Platform 07 (Record no. 364900)

MARC details
000 -LEADER
fixed length control field 00375 a2200145 4500
005 - DATE AND TIME OF LATEST TRANSACTION
control field 20250129122333.0
008 - FIXED-LENGTH DATA ELEMENTS--GENERAL INFORMATION
fixed length control field 250128b |||||||| |||| 00| 0 eng d
020 ## - INTERNATIONAL STANDARD BOOK NUMBER
International Standard Book Number 9781940291437
082 ## - DEWEY DECIMAL CLASSIFICATION NUMBER
Classification number 720.7/VOL
100 ## - MAIN ENTRY--PERSONAL NAME
Author Villoria L A
245 ## - TITLE STATEMENT
Title GSD Platform 07
260 ## - PUBLICATION, DISTRIBUTION, ETC.
Name of publisher, distributor, etc. Harvard University Graduate School Of Design
Date of publication, distribution, etc. 2015
300 ## - PHYSICAL DESCRIPTION
Extent 392p
Other physical details PB
942 ## - ADDED ENTRY ELEMENTS (KOHA)
Koha item type Books
Holdings
Withdrawn status Lost status Source of classification or shelving scheme Damaged status Not for loan Collection code Home library Current library Date acquired Vendor Net Price Full call number Barcode Date last seen Actual Price Bill Date Koha item type
    Dewey Decimal Classification     Book of B Arch Dr. Bhanuben Nanavati College of Architecture Dr. Bhanuben Nanavati College of Architecture 28/01/2025 179 1931.03 720.7/VOL BNCA-BK-13025 28/01/2025 3065.12 31/12/2024 Reference book